000 00522nam a2200193 4500
005 20241204085923.0
008 211116b ||||| |||| 00| 0 eng d
020 _a9789696371090
040 _cPK-LaUMT
082 _a616.07
_bINA-S
100 _aInam Danish, Mohammad
_93604
245 _aShort textbook of pathology /
_cby Mohammad Inam Danish
250 _a2nd rev. ed.
260 _aKarachi :
_bParamount Books,
_c2016
300 _a389 p.
650 _aPathology
_9274
650 _aEtiology
_93605
942 _cBK
999 _c124699
_d124699